| 000 | 00531nam a2200205Ia 4500 | ||
|---|---|---|---|
| 001 | 15118 | ||
| 003 | GE_BSU | ||
| 008 | 181216s||||||||xx |||||||||||||| ||und|| | ||
| 040 | _cGE_BSU | ||
| 100 | _aВоеводин,В,В, | ||
| 245 | _aЛинейная алгебра | ||
| 245 | _bУчеб.пособ. для студ.вузов | ||
| 250 | _aизд. 2-е перер | ||
| 260 | _aМосква | ||
| 260 | _bНаука | ||
| 260 | _c1980 | ||
| 300 | _a400стр,22см | ||
| 300 | _bбиблиог,стр 397 | ||
| 942 | _cBK | ||
| 999 |
_c48234 _d48234 |
||